Houghton Mifflin English. / (Record no. 8580)
[ view plain ]
| 000 -LEADER | |
|---|---|
| fixed length control field | 01731cam a2200313 a 4500 |
| 001 - CONTROL NUMBER | |
| control field | 741961 |
| 003 - CONTROL NUMBER IDENTIFIER | |
| control field | OSt |
| 005 - DATE AND TIME OF LATEST TRANSACTION | |
| control field | 20220202115355.0 |
| 008 - FIXED-LENGTH DATA ELEMENTS--GENERAL INFORMATION | |
| fixed length control field | 990512s1999 cau f 001 0 eng |
| 010 ## - LIBRARY OF CONGRESS CONTROL NUMBER | |
| LC control number | 99033148 |
| 020 ## - INTERNATIONAL STANDARD BOOK NUMBER | |
| International Standard Book Number | 0395584221 |
| 035 ## - SYSTEM CONTROL NUMBER | |
| System control number | (DLC) 99033148 |
| 040 ## - CATALOGING SOURCE | |
| Original cataloging agency | DLC |
| Transcribing agency | DLC |
| Modifying agency | DLC |
| 050 00 - LIBRARY OF CONGRESS CALL NUMBER | |
| Classification number | PE1408.H83 |
| 082 00 - DEWEY DECIMAL CLASSIFICATION NUMBER | |
| Classification number | 808/.042 |
| Edition number | 21 |
| 245 00 - TITLE STATEMENT | |
| Title | Houghton Mifflin English. / |
| Statement of responsibility, etc. | Brown, Ann Cole ... [et al.]. |
| 246 ## - VARYING FORM OF TITLE | |
| Title proper/short title | English levels 9-12 |
| 250 ## - EDITION STATEMENT | |
| Edition statement | 2nd ed. |
| Remainder of edition statement | (Teacher's edition) |
| 260 ## - PUBLICATION, DISTRIBUTION, ETC. | |
| Place of publication, distribution, etc. | Boston: |
| Name of publisher, distributor, etc. | Houghton Mifflin, |
| Date of publication, distribution, etc. | 1992. |
| 300 ## - PHYSICAL DESCRIPTION | |
| Extent | 1 vol. [various pagings] |
| 505 ## - FORMATTED CONTENTS NOTE | |
| Formatted contents note | Contents: Exploring the writing process: Investing in your writing process -- Applying the writing process: Writing with a descriptive process -- Writing a personal narrative -- Writing with an expository focus -- Writing with a persuasive focus -- Writing stories, plays and poems -- Writing about literature -- Writing a research report -- Related skills: Critical thinking -- Taking tests -- Listening and speaking -- Building vocabulary -- Spelling skills -- Study skills - Using the library -- Letters and forms -- Using a word processor -- Grammar, usage and mechanics: Parts of speech -- Sentence structure -- Phrases and clauses -- Usage -- Mechanics -- |
| 650 #0 - SUBJECT ADDED ENTRY--TOPICAL TERM | |
| Topical term or geographic name entry element | English language |
| General subdivision | Rhetoric |
| Form subdivision | Handbooks, manuals, etc. |
| 650 #0 - SUBJECT ADDED ENTRY--TOPICAL TERM | |
| Topical term or geographic name entry element | English language |
| General subdivision | Grammar |
| Form subdivision | Handbooks, manuals, etc. |
| 650 #0 - SUBJECT ADDED ENTRY--TOPICAL TERM | |
| Topical term or geographic name entry element | Report writing |
| Form subdivision | Handbooks, manuals, etc. |
| 700 ## - ADDED ENTRY--PERSONAL NAME | |
| Fuller form of name | Brown, Ann Cole |
| 906 ## - LOCAL DATA ELEMENT F, LDF (RLIN) | |
| a | 7 |
| b | cbc |
| c | orignew |
| d | 1 |
| e | ocip |
| f | 19 |
| g | y-gencatlg |
| 942 ## - ADDED ENTRY ELEMENTS (KOHA) | |
| Source of classification or shelving scheme | Library of Congress Classification |
| Koha item type | Books |
| Withdrawn status | Lost status | Source of classification or shelving scheme | Damaged status | Not for loan | Home library | Current library | Shelving location | Date acquired | Total Checkouts | Full call number | Barcode | Date last seen | Price effective from | Koha item type |
|---|---|---|---|---|---|---|---|---|---|---|---|---|---|---|
| Library of Congress Classification | WISCONSIN INTERNATIONAL UNIVERSITY COLLEGE, GHANA KUMASI LIBRARY | WISCONSIN INTERNATIONAL UNIVERSITY COLLEGE, GHANA KUMASI LIBRARY | General Stacks | 01/02/2022 | PE1408.H83(2e) | K/215/215/19 | 01/02/2022 | 01/02/2022 | Books |
